<?xml version="1.0" encoding="UTF-8"?>
<record
    xmlns:xsi="http://www.w3.org/2001/XMLSchema-instance"
    xsi:schemaLocation="http://www.loc.gov/MARC21/slim http://www.loc.gov/standards/marcxml/schema/MARC21slim.xsd"
    xmlns="http://www.loc.gov/MARC21/slim">

  <leader>00564nam a2200169Ia 4500</leader>
  <controlfield tag="008">230718s9999    xx            000 0 und d</controlfield>
  <datafield tag="020" ind1=" " ind2=" ">
    <subfield code="a">9789351108276</subfield>
  </datafield>
  <datafield tag="041" ind1=" " ind2=" ">
    <subfield code="a">eng</subfield>
  </datafield>
  <datafield tag="082" ind1=" " ind2=" ">
    <subfield code="a">794.81</subfield>
    <subfield code="b">JAC</subfield>
  </datafield>
  <datafield tag="100" ind1=" " ind2=" ">
    <subfield code="a">Jackson S.</subfield>
    <subfield code="9">197466</subfield>
  </datafield>
  <datafield tag="245" ind1=" " ind2=" ">
    <subfield code="a">Mastering Unity 2D Game Development</subfield>
    <subfield code="b">Become An Expert In Unity 3D's New 2D System, And Then Join In The Adventure To Build A Full RPG Game  Framework</subfield>
  </datafield>
  <datafield tag="260" ind1=" " ind2=" ">
    <subfield code="c">2014</subfield>
    <subfield code="b">SPD</subfield>
  </datafield>
  <datafield tag="300" ind1=" " ind2=" ">
    <subfield code="a">449</subfield>
  </datafield>
  <datafield tag="365" ind1=" " ind2=" ">
    <subfield code="c">Rs.</subfield>
    <subfield code="b">875.00</subfield>
  </datafield>
  <datafield tag="700" ind1=" " ind2=" ">
    <subfield code="a">Jackson S.</subfield>
    <subfield code="9">197466</subfield>
  </datafield>
  <datafield tag="906" ind1=" " ind2=" ">
    <subfield code="d">O:0449416-May-2015B:762213-Apr-2015</subfield>
    <subfield code="c">COMP</subfield>
    <subfield code="b">201.25</subfield>
  </datafield>
  <datafield tag="999" ind1=" " ind2=" ">
    <subfield code="c">339406</subfield>
    <subfield code="d">339406</subfield>
  </datafield>
  <datafield tag="952" ind1=" " ind2=" ">
    <subfield code="0">0</subfield>
    <subfield code="1">0</subfield>
    <subfield code="4">0</subfield>
    <subfield code="7">0</subfield>
    <subfield code="a">CCEP</subfield>
    <subfield code="b">CCEP</subfield>
    <subfield code="d">2015-05-16</subfield>
    <subfield code="e">Technical Book Services</subfield>
    <subfield code="f">COMP</subfield>
    <subfield code="g">673.75</subfield>
    <subfield code="i">7622</subfield>
    <subfield code="l">3</subfield>
    <subfield code="o">794.81</subfield>
    <subfield code="p">CCEP-BK-50613</subfield>
    <subfield code="r">2025-01-06 00:00:00</subfield>
    <subfield code="s">2024-12-24</subfield>
    <subfield code="t">201.25</subfield>
    <subfield code="v">875.00</subfield>
    <subfield code="w">2015-04-13</subfield>
    <subfield code="y">BK</subfield>
    <subfield code="z">050613</subfield>
  </datafield>
</record>
